000 00607nam a2200193Ia 4500
003 GCL
008 140319s9999 xx 000 0 ara d
040 _aGCL /
_cGCL
082 0 4 _a928.77
_bا خ
100 1 _aاوند جييف, ايفان
245 1 0 _aخريستو بوتيف: حياته واعماله /
_cاوند جييف, ايفان
700 1 _aاوند جييفا, تسفيتا
700 1 _aحسان بالى
490 _aالهيئة العامة للاستعلامات
_v0
650 0 4 _aالتراجم
650 0 4 _aالشعراء
650 0 4 _aخريستو بوتيف
942 _2ddc
_cBK
999 _c47100
_d47100